ბათუმის შოთა რუსთაველის სახელმწიფო უნივერსიტეტის ბიბლიოთეკა

Основы виноградарства и плодоводства (ბიბ.ჩანაწერი № 45661)

000 -LEADER
fixed length control field 00660nam a2200217Ia 4500
001 - CONTROL NUMBER
control field 12487
003 - CONTROL NUMBER IDENTIFIER
control field GE_BSU
008 - FIXED-LENGTH DATA ELEMENTS--GENERAL INFORMATION
fixed length control field 181216s||||||||xx |||||||||||||| ||und||
040 ## - CATALOGING SOURCE
Transcribing agency GE_BSU
080 ## - UNIVERSAL DECIMAL CLASSIFICATION NUMBER
Universal Decimal Classification number 634.1(075.32)
100 ## - MAIN ENTRY--PERSONAL NAME
Personal name Фулга,И.Г.
245 ## - TITLE STATEMENT
Title Основы виноградарства и плодоводства
245 ## - TITLE STATEMENT
Remainder of title Уч-к для техник.пищевой промышл.
245 ## - TITLE STATEMENT
Statement of responsibility, etc. Ред.И.А.Курзина
260 ## - PUBLICATION, DISTRIBUTION, ETC.
Place of publication, distribution, etc. Москва
260 ## - PUBLICATION, DISTRIBUTION, ETC.
Name of publisher, distributor, etc. Колос
260 ## - PUBLICATION, DISTRIBUTION, ETC.
Date of publication, distribution, etc. 1978
300 ## - PHYSICAL DESCRIPTION
Extent 309стр.21см.илл.
653 ## - INDEX TERM--UNCONTROLLED
Uncontrolled term Основы виноградарства и плодоводства
942 ## - ADDED ENTRY ELEMENTS (KOHA)
Koha item type წიგნი
ეგზემპლარები
Withdrawn status Lost status Damaged status Not for loan Date acquired Barcode Date last seen Price effective from Koha item type
        2018-12-17 20515 2018-12-17 2018-12-17 წიგნი
        2018-12-17 20516 2018-12-17 2018-12-17 წიგნი